000 00746nam a22001577a 4500
003 OSt
005 20150915155533.0
008 150915b xxu||||| |||| 00| 0 eng d
040 _cRUA
082 _aAGR NHE 2002 B028 Or.1
100 _9536
_aNHEH, VIBOL
245 _aTomato breeder seed production methodology-TMK2 variety at kba koh vegetable research station វិធីសាស្រ្ដផលិតពូជជំរើសវិទូនៃដំណាំប៉េងប៉ោះប្រភេទលូតសាល់មិនកំណត់ TMK2​នៅស្ថានីយ៍ពីសោធន៍ពូជបន្លែក្បាលកោះ
260 _aPhnom Penh
_bRUA
_c2002
300 _a70p.
_bill.
_c29cm.
942 _2ddc
_cAGR
999 _c515
_d515